Technology and values in American civilization : a guide to information sources /

Bibliographic Details
Main Author: Cutcliffe, Stephen H.
Other Authors: Adams-Volpe, Judith, Roysdon, Christine
Format: Book
Language:English
Published: Detroit, Mich. : Gale Research Co., [1980]
Series:Gale information guide library. American studies information guide series ; v. 9.
Subjects:

MARC

Tag First Indicator Second Indicator Subfields
LEADER 00000pam a2200000 a 4500
001 in00000099245
005 20150924160102.0
008 800710s1980 miu b 00110 engm
010 |a  80023728  
020 |a 0810314754 :  |c $28.00 
035 |a (OCoLC)06579653 
035 |9 AAL0120AM 
040 |a DLC  |c DLC  |d m.c.  |d TXA  |d UtOrBLW 
043 |a n-us--- 
049 |a TXAM  |c [1562184] 
050 0 0 |a Z5579  |b .C87 
082 0 |a 016.306/4  |2 19 
100 1 |a Cutcliffe, Stephen H. 
245 1 0 |a Technology and values in American civilization :  |b a guide to information sources /  |c Stephen H. Cutcliffe, Judith A. Mistichelli, Christine M. Roysdon. 
264 1 |a Detroit, Mich. :  |b Gale Research Co.,  |c [1980] 
264 4 |c ©1980 
300 |a xviii, 704 pages ;  |c 23 cm. 
336 |a text  |b txt  |2 rdacontent 
337 |a unmediated  |b n  |2 rdamedia 
338 |a volume  |b nc  |2 rdacarrier 
490 1 |a Gale information guide library. American studies information guide series ;  |v v. 9 
500 |a Includes indexes. 
650 0 |a Technology and civilization  |x Bibliography. 
650 0 |a Technology  |x Social aspects  |z United States  |x Bibliography. 
651 0 |a United States  |x Civilization  |x Bibliography. 
700 1 |a Adams-Volpe, Judith. 
700 1 |a Roysdon, Christine. 
830 0 |a Gale information guide library.  |p American studies information guide series ;  |v v. 9. 
999 |a MARS 
999 f f |s ae2b839f-facb-34d9-a5b2-0d1fd70280ec  |i 8b594d47-72fe-3d67-b45e-98a128ee86a1  |t 0 
952 f f |p ric  |a Texas A&M University  |b Rellis Campus  |c Joint Library Facility  |d Remote Storage  |t 0  |e Z5579 .C87  |h Library of Congress classification  |i unmediated -- volume  |m A14842732597 
998 f f |a Z5579 .C87  |t 0  |l Remote Storage